Zamastan Provinces, Iearth (Map) - Statistics

General Stats
  • This quiz has been taken 5 times
    4 since last reset
  • The average score is 37 of 67
Answers on the Map
Answers color-coded by a green-red scale on the quiz's map according to % correct below.
 
Answer Stats
Province % Correct
Pahl
100%
Gangkou
75%
Northern Isle
75%
Northern Isle
75%
Northern Isle
75%
Redeemer's Land
75%
Redeemer's Land
75%
Redeemer's Land
75%
Redeemer's Land
75%
Redeemer's Land
75%
Redeemer's Land
75%
Alenchon
50%
Alenchon
50%
Alenchon
50%
Alenchon
50%
Alenchon
50%
Alenchon
50%
Alenchon
50%
Alenchon
50%
Alenchon
50%
Alenchon
50%
Alenchon
50%
Alenchon
50%
Alenchon
50%
Alenchon
50%
Cayenne
50%
Holish Islands
50%
Holish Islands
50%
Holish Islands
50%
Jade
50%
Jade
50%
Jade
50%
Jade
50%
Jade
50%
Jade
50%
Jade
50%
Jade
50%
Jade
50%
Jade
50%
Jade
50%
Jade
50%
Jade
50%
Landeda
50%
Landeda
50%
Lyonnais
50%
Lyonnais
50%
Lyonnais
50%
Lyonnais
50%
Lyonnais
50%
Lyonnais
50%
Lyonnais
50%
Lyonnais
50%
Lyonnais
50%
Lyonnais
50%
Titania
50%
Titania
50%
Titania
50%
Tregueux
50%
Tregueux
50%
Tregueux
50%
Tregueux
50%
Verdesia
50%
Verdesia
50%
Zian
50%
Zian
50%
Zian
50%
Zian
50%
No matching quizzes found
Score Distribution
Percent of People with Each Score
Percentile by Number Answered
Your Score History
You have not taken this quiz since the last reset